00394nam a2200157Ia 4500008004100000020001800041082000800059100001900067245004600086250000600132260003000138300001600168500002400184650001000208700001800218230524s9999 xx 000 0 und d a9788174092593 bOZA aHasmukh P. Oza 0aSoil Mechanics and Foundation Engineering a2 aNew DelhibCharotarc2013 a"XXVI,722p" aQuantity Number: 1 aCivil aGautam H. Oza